header

Excel for the small business owner (Record no. 151907)

MARC details
000 -LEADER
fixed length control field 01175nam a2200301Ia 4500
100 1# - MAIN ENTRY--AUTHOR NAME
Personal name Hari, P. K.
245 10 - TITLE STATEMENT
Title Excel for the small business owner
260 ## - PUBLICATION, DISTRIBUTION, ETC. (IMPRINT)
Place of publication Uniontown, Ohio :
Name of publisher Holy Macro! Books,
Year of publication 2006.
300 ## - PHYSICAL DESCRIPTION
Number of Pages vi, a-f, 351 p.
650 #0 - SUBJECT ADDED ENTRY--TOPICAL TERM
Topical Term Business
Topical Term Electronic spreadsheets.
856 40 - ELECTRONIC LOCATION AND ACCESS
Uniform Resource Identifier http://site.ebrary.com/lib/rucke/Doc?id=10237067

No items available.

© 2026 Rongo University
Contact us: librarian | system librarian | Rongo university